| 000 | 00762nam a22002775i 4500 | ||
|---|---|---|---|
| 001 | 20251176 | ||
| 003 | OSt | ||
| 005 | 20250512210544.0 | ||
| 008 | 180105s2018 nyu 000 0 eng | ||
| 010 | _a 2018930387 | ||
| 020 | _a9780198808169 (pbk.) | ||
| 040 |
_aDLC _beng _erda _cDLC |
||
| 042 | _apcc | ||
| 050 |
_aKF801 _b2003. |
||
| 100 | 1 | _aEwan, McKendrick. | |
| 245 | 1 | 0 |
_aContract law : _cEwan McKendrick. |
| 263 | _a1804 | ||
| 264 | 1 |
_aNew York, NY : _bOxfore University Press, _c2003 |
|
| 300 |
_axliv, 473 pages : _c24cm |
||
| 336 |
_atext _btxt _2rdacontent |
||
| 337 |
_aunmediated _bn _2rdamedia |
||
| 338 |
_avolume _bnc _2rdacarrier |
||
| 906 |
_a0 _bibc _corignew _d2 _eepcn _f20 _gy-gencatlg |
||
| 942 |
_2ddc _cBK _n0 |
||
| 999 |
_c5743 _d5743 |
||